I doveri dell'uomo e del cittadino (Registro nro. 162694)
[ vista simple ]
| 000 -LEADER | |
|---|---|
| campo de control de longitud fija | 01069nam a22002415i 4500 |
| 001 - NÚMERO DE CONTROL | |
| campo de control | 162694 |
| 003 - IDENTIFICADOR DE NÚMERO DE CONTROL | |
| campo de control | ES-MaACL |
| 005 - FECHA Y HORA DE LA ÚLTIMA TRANSACCIÓN | |
| campo de control | 20250907063124.0 |
| 008 - DATOS DE LONGITUD FIJA--INFORMACIÓN GENERAL | |
| campo de control de longitud fija | 050706s1767 it |||| | ita d |
| 040 ## - FUENTE DE CATALOGACIÓN | |
| Centro catalogador/agencia de origen | CAM |
| Lengua de catalogación | spa |
| Centro/agencia transcriptor | CAM |
| 100 1# - ENTRADA PRINCIPAL--NOMBRE DE PERSONA | |
| Nombre de persona | Pufendorf, Samuel, |
| Títulos y otros términos asociados al nombre | Freiherr von, |
| Fechas asociadas al nombre | 1632-1694 |
| 9 (RLIN) | 131409 |
| 245 11 - MENCIÓN DEL TÍTULO | |
| Título | I doveri dell'uomo e del cittadino |
| Resto del título | : tali che a lui dalla legge naturale sono prescritti / |
| Mención de responsabilidad, etc. | di Samuele B. di Pufendorf; dalla versione francese di Giovanni Barbeyrac; tradotti e con molte aggiunte correti ed illustrati da Michele Grandi ...; tomo terzo. |
| 260 ## - PUBLICACIÓN, DISTRIBUCIÓN, ETC. | |
| Lugar de publicación, distribución, etc. | In Venezia : |
| Nombre del editor, distribuidor, etc. | appresso Francesco Pitteri, |
| Fecha de publicación, distribución, etc. | 1767. |
| 300 ## - DESCRIPCIÓN FÍSICA | |
| Extensión | [4], 443, [1] p. : |
| Otras características físicas | il. ; |
| Dimensiones | 4º. |
| 597 ## - NOTA DE DESCRIPCIÓN FÍSICA | |
| NOTA DE DESCRIPCIÓN FÍSICA | Sign.: []2, A-3H4, 3I6. |
| 599 ## - NOTA A LAS ILUSTRACIONES | |
| NOTA A LAS ILUSTRACIONES | Port. con grab. xil. alegórico. |
| 650 #7 - PUNTO DE ACCESO ADICIONAL DE MATERIA--TÉRMINO DE MATERIA | |
| Término de materia o nombre geográfico como elemento de entrada | Derecho natural |
| Fuente del encabezamiento o término | embne |
| 9 (RLIN) | 11744 |
| 650 #7 - PUNTO DE ACCESO ADICIONAL DE MATERIA--TÉRMINO DE MATERIA | |
| Término de materia o nombre geográfico como elemento de entrada | Derecho civil |
| Fuente del encabezamiento o término | embne |
| 9 (RLIN) | 11656 |
| 700 1# - ENTRADA AGREGADA--NOMBRE PERSONAL | |
| Nombre de persona | Barbeyrac, Jean. |
| 9 (RLIN) | 125802 |
| 700 1# - ENTRADA AGREGADA--NOMBRE PERSONAL | |
| Nombre de persona | Grandi, Michele. |
| 9 (RLIN) | 127529 |
| 852 ## - LOCALIZACIÓN | |
| Ubicación | ES-MaACL |
| Número de control de estantería | R-1119-21 |
| Nota libre | -- Enc. perg. con cierres de cuero |
| Encuadernación | -- Olim: G-9961-3 |
| Estatus retirado | Estado de pérdida | Estado de daño | No para préstamo | Colección | Biblioteca de origen | Biblioteca actual | Ubicación en estantería | Fecha de adquisición | Total de préstamos | Signatura topográfica completa | Código de barras | Visto por última vez | Precio de reemplazo | Tipo de ítem Koha |
|---|---|---|---|---|---|---|---|---|---|---|---|---|---|---|
| Libros del s. XVIII | Biblioteca del Ateneo de Madrid | Biblioteca del Ateneo de Madrid | Depósito | 17/01/2008 | R-1119-21 | 1170449 | 23/02/2023 | 23/02/2023 | Libro impreso antiguo |
